000 00523nam a22001577a 4500
005 20231013111215.0
008 220528b ||||| |||| 00| 0 eng d
040 _cSSBUL
082 _223
_a025.04
110 2 _aIndira Gandhi National Open University.
_95921
245 _aICT in libraries BLI-220 /
_cSchool of Social science, Indira Gandhi National Open University.
260 _aNew Delhi :
_bIGNOU ,
_c[2013].
300 _a252 pages :
_billustrations ;
_c30 cm.
650 _aLibraries
_xAutomation
_95922
942 _2ddc
_cBK
999 _c6747
_d6747